HUMAN ANATOMY:BRAIN NEUROANATOMY [VOL-4] (Record no. 7849)

MARC details
000 -LEADER
fixed length control field 00449nam a22001817a 4500
005 - DATE AND TIME OF LATEST TRANSACTION
control field 20220120122458.0
008 - FIXED-LENGTH DATA ELEMENTS--GENERAL INFORMATION
fixed length control field 220120b ||||| |||| 00| 0 eng d
020 ## - INTERNATIONAL STANDARD BOOK NUMBER
ISBN 978-93-88902-75-5
041 ## - LANGUAGE CODE
Language code of text/sound track or separate title eng
082 ## - DEWEY DECIMAL CLASSIFICATION NUMBER
Classification number 611.9
100 ## - MAIN ENTRY--AUTHOR NAME
Personal name CHAURASIA'S, B.D
245 ## - TITLE STATEMENT
Title HUMAN ANATOMY:BRAIN NEUROANATOMY [VOL-4]
250 ## - EDITION STATEMENT
Edition statement 8TH ED.
260 ## - PUBLICATION, DISTRIBUTION, ETC. (IMPRINT)
Place of publication NEW DELHI
Name of publisher CBS PUB.PVT.LTD
Year of publication 2020
300 ## - PHYSICAL DESCRIPTION
Number of Pages 226;p
650 ## - SUBJECT ADDED ENTRY--TOPICAL TERM
Topical Term B.P.T
942 ## - ADDED ENTRY ELEMENTS (KOHA)
Koha item type Books
Holdings
Lost status Damaged status Collection code Home library Current library Shelving location Date acquired Source of acquisition Full call number Accession Number Koha item type
    Reference JRU Library JRU Library Shelf - 24- A 20/01/2022 PURCHASE 611.9 25895 Books
    PHYSIOTHERAPY JRU Library JRU Library Shelf - 24- A 20/01/2022 PURCHASE 611.9 25896 Books
    PHYSIOTHERAPY JRU Library JRU Library Shelf - 24- A 20/01/2022 PURCHASE 611.9 25897 Books
    PHYSIOTHERAPY JRU Library JRU Library Shelf - 24- A 20/01/2022 PURCHASE 611.9 25898 Books
    PHYSIOTHERAPY JRU Library JRU Library Shelf - 24- A 20/01/2022 PURCHASE 611.9 25899 Books